LEADER 01153nam0-22002651i-450- 001 990006289210403321 005 20040409113543.0 035 $a000628921 035 $aFED01000628921 035 $a(Aleph)000628921FED01 035 $a000628921 100 $a20000112d1945----km-y0itay50------ba 105 $a--------00-yy 200 1 $aNorme integrative e di attuazione del decreto Legislativo Luogotenenziale 27 luglio 1944, n. 159, per la parte riguardante l'Avocazione e la confisca dei profitti di regime$e(decretolegislativo Luogotenenziale 31 maggio 1945 n. 364 pubblicato nella Gazzetta Ufficiale del 14 luglio 1945 n. 84) 210 $aRoma$cLibreria dello Stato$d1945 215 $a24 p.$d24 cm 676 $a336.014 710 02$aItalia.$bPresidenza del Consiglio dei ministri$0423419 801 0$aIT$bUNINA$gRICA$2UNIMARC 901 $aBK 912 $a990006289210403321 952 $aBUSTA 21 (5) 10$b33034$fFGBC 959 $aFGBC 996 $aNorme integrative e di attuazione del decreto Legislativo Luogotenenziale 27 luglio 1944, n. 159, per la parte riguardante l'Avocazione e la confisca dei profitti di regime$9642235 997 $aUNINA LEADER 02361nam 2200589 a 450 001 9910452611603321 005 20200520144314.0 010 $a1-283-54263-3 010 $a9786613855084 010 $a1-119-96151-3 035 $a(CKB)2550000000107722 035 $a(EBL)968082 035 $a(OCoLC)799762600 035 $a(SSID)ssj0000736910 035 $a(PQKBManifestationID)12367021 035 $a(PQKBTitleCode)TC0000736910 035 $a(PQKBWorkID)10782404 035 $a(PQKB)10580269 035 $a(MiAaPQ)EBC968082 035 $a(Au-PeEL)EBL968082 035 $a(CaPaEBR)ebr10580178 035 $a(CaONFJC)MIL385508 035 $a(EXLCZ)992550000000107722 100 $a20120728d2012 uy 0 101 0 $aeng 135 $aurcn||||||||| 181 $ctxt 182 $cc 183 $acr 200 14$aThe craft of the cut$b[electronic resource] $ethe Final Cut Pro X editor's handbook /$fMarios Chirton and Mark Riley 205 $a2nd ed. 210 $aChichester [England] $cWiley$d2012 215 $a1 online resource (384 p.) 300 $aIncludes index. 311 $a1-119-95173-9 327 $apt. 1. Preparing to edit -- pt. 2. The edit -- pt. 3. The craft of the edit -- pt. 4. After the edit -- pt. 5. Appendixes. 330 $aThe art of professional video editing Although technology is rapidly evolving, it is still complicated to edit video. This unique book not only teaches you the art of professional editing, it also gives you authentic professional experience. You'll be guided through a typical industry production workflow; you'll have access to raw footage, including alternate takes of each scene from a professional short film; and you'll make your own decisions. By the book's end, you'll have completed your own version of a film. It's the perfect primer for aspiring editors who want to ascend to i 606 $aDigital video$xEditing$xData processing 608 $aElectronic books. 615 0$aDigital video$xEditing$xData processing. 676 $a777.55028553 676 $a778.59/3 676 $a778.593 700 $aChirton$b Marios$0991524 701 $aRiley$b Mark$0991525 801 0$bMiAaPQ 801 1$bMiAaPQ 801 2$bMiAaPQ 906 $aBOOK 912 $a9910452611603321 996 $aThe craft of the cut$92269210 997 $aUNINA LEADER 00778nam a2200229 i 4500 001 991004271437407536 005 20230406154202.0 008 230406s1990 it e 001 0 ita 020 $a8820436434 040 $aBibl. Dip.le Aggr. Scienze Umane e Sociali - Sez. Studi Storici 082 04$a850.9006 082 04$a945.206 100 1 $aSpaggiari, William$0157990 245 02$aL'armonico tremore :$bcultura settentrionale dall'Arcadia all'età napoleonica /$cWilliam Spaggiari 260 $aMilano :$bAngeli,$cc1990 300 $a206 p. ;$c22 cm 440 3$aIl Settecento ;$v12 650 4$aArcadia$zItalia settentrionale$ySec.18. 651 4$aItalia settentrionale$xCultura$ySec.18. 912 $a991004271437407536 996 $aArmonico tremore$9568636 997 $aUNISALENTO LEADER 01331nam 2200337 a 450 001 9910702369503321 005 20121127145738.0 035 $a(CKB)5470000002426462 035 $a(OCoLC)819423553 035 $a(EXLCZ)995470000002426462 100 $a20121127d2012 ua 0 101 0 $aeng 135 $aurmn||||||||| 181 $ctxt$2rdacontent 182 $cc$2rdamedia 183 $acr$2rdacarrier 200 10$aHomeland Security$b[electronic resource] $eDHS has enhanced procurement oversight efforts, but needs to update guidance : report to the Subcommittee on Oversight, Investigations, and Management, Committee on Homeland Security, House of Representatives 210 1$a[Washington, D.C.] :$cU.S. Govt. Accountability Office,$d[2012] 215 $a1 online resource (ii, 25 pages) $ccolor illustrations 300 $aTitle from PDF title screen (viewed Nov. 26, 2012). 300 $a"September 2012." 300 $a"GAO-12-947." 320 $aIncludes bibliographical references. 517 $aHomeland Security 712 02$aUnited States.$bCongress.$bHouse.$bCommittee on Homeland Security.$bSubcommittee on Oversight, Investigations, and Management. 801 0$bGPO 801 1$bGPO 906 $aBOOK 912 $a9910702369503321 996 $aHomeland Security$91686681 997 $aUNINA LEADER 00812nam0-22002651i-450 001 9910771098903321 005 20240111092233.0 100 $a20000920d1930----km-y0itay50------ba 101 0 $afre 102 $aFR 105 $aa---a---001yy 200 1 $a<>applications locales des rayons ultra-violets$eodonto-stomatologie$fL.-G. Dufestel, R. Chambenoit 210 $aParis$cLegrand$d1930 215 $a117 p.$c.ill.$d20 cm 610 0 $aOdontoiatria 676 $a617.7$v23$zita 700 1$aDufustel,$bL.G.$01460154 701 1$aChambenoit,$bR. Leonard Francis$01460155 801 0$aIT$bUNINA$gRICA$2UNIMARC 901 $aBK 912 $a9910771098903321 952 $aA PAT 433$b086/2024$fFAGBC 959 $aFAGBC 996 $aApplications locales des rayons ultra-violets$93659934 997 $aUNINA LEADER 01065nam0-2200373---450 001 990009352250403321 005 20240708085847.0 035 $aFED01000935225 035 $a(Aleph)000935225FED01 035 $a000935225 100 $a20110503d1961----km-y0itay50------ba 101 0 $ager 102 $aDE 105 $aa---j---001yy 200 1 $a<>Altersbestimmung bei Haustieren, Pelztieren und beim jagdbaren Wild 210 $aBerlin$cParey$d1961 215 $a223 p.$cill.$d22 cm 610 0 $aZoognostica 610 0 $aAnimali domestici 610 0 $aAnimali da pelliccia 610 0 $aSelvaggina 676 $a636$v22$zita 700 1$aHabermehl,$bKarl Heinz$0510939 801 0$aIT$bUNINA$gRICA$2UNIMARC 901 $aBK 912 $a990009352250403321 952 $a636.081-8$b5941$fDMVBF 952 $a48 B 35$b6860$fDMVAP 952 $aA MIC 2617$b9577/2024$fFAGBC 959 $aDMVBF 959 $aDMVAP 959 $aFAGBC 996 $aAltersbestimmung bei Haustieren, Pelztieren und beim jagdbaren Wild$9767955 997 $aUNINA